| 000 | 00338nam a2200109Ia 4500 | ||
|---|---|---|---|
| 008 | 180305s9999 xx 000 0 und d | ||
| 020 | _a765703610 | ||
| 100 | _aRubovits-Seitz, Philip F.D. | ||
| 245 |
_cPhilip F.D. Rubovits-Seitz _aA Primer of Clinical Interpretation/ |
||
| 260 |
_aUSA _bJason Aronson Inc. _c2002 |
||
| 300 | _avii, 221 Pages | ||
| 999 |
_c356091 _d356091 |
||